000 00728nam a2200229Ii 4500
003 JO-AjNU
008 230605s9999||||xx |||||||||||||| ||und||
017 _a19218
020 _a978-977-6253-78-0
040 _aJO-AjNU
_bara
_erda
_cJO-AjNU
041 _aara
050 1 4 _aK85.2013
100 3 _a عرفة، محمد السيد ,
_eauthor
_943927
245 0 0 _aأصول المنطق القانوني والبحث العلمي
250 _aط1
264 3 1 _aالمنصورة : دار الفكر ، 2013
300 _a194ص
336 _atext
_btxt
_2rdacontent
337 _aunmediated
_bn
_2rdamedia
338 _avolume
_bnc
_2rdacarrier
650 4 _aالمنطق القانوني -- البحث العلمي
_943928
999 _aA18924
_c22492
_d22492